[Event "AUTO-INT-678"]
[Site "http://www.queenalice.com/game.php?id=300671"]
[Date "2007.11.8"]
[Round "1"]
[White "kyloh4320"]
[Black "ariberi"]
[Result "0-1"]
[WhiteElo "1482"]
[BlackElo "1645"]

1. e4 e5 2. Nf3 Nc6 3. Bc4 Nh6 4. Nc3 f6 5. d3 Nd4 6. O-O c6 7. Nxd4 exd4 8. Ne2
d5 9. exd5 cxd5 10. Bb5+ Kf7 11. Nxd4 Bd7 12. Bxd7 Qxd7 13. Bxh6 gxh6 14. Qh5+
Kg7 15. Nf5+ Kg8 16. Qg4+ Bg7 17. Nxh6+ Kf8 18. Qxd7 Bxh6 19. Qxb7 Re8 20. Qxd5
Kg7 21. Rae1 Re5 22. Rxe5 fxe5 0-1

[Event "AUTO-INT-678"]
[Site "http://www.queenalice.com/game.php?id=300672"]
[Date "2007.11.8"]
[Round "1"]
[White "ariberi"]
[Black "kyloh4320"]
[Result "1-0"]
[WhiteElo "1654"]
[BlackElo "1473"]

1. e4 e5 2. Nf3 Nc6 3. c3 Nf6 4. Bd3 Bc5 5. O-O d6 6. b4 Bb6 7. Ng5 Ng4 8. Nh3
Qf6 9. Be2 Qg6 10. b5 Nf6 11. Kh1 Bxh3 12. gxh3 Ne7 13. Rg1 Qxe4+ 14. Bf3 Qh4
15. Bxb7 Rb8 16. Bc6+ Nxc6 17. bxc6 Bxf2 18. Rg2 Qe4 19. d3 Qxc6 20. a4 Nh5 21.
Qxh5 g6 22. Qe2 1-0

[Event "AUTO-INT-678"]
[Site "http://www.queenalice.com/game.php?id=300673"]
[Date "2007.11.8"]
[Round "1"]
[White "kyloh4320"]
[Black "ricardosf"]
[Result "0-1"]
[WhiteElo "1555"]
[BlackElo "1369"]

1. e4 e5 2. Nf3 Nf6 3. Nc3 Bc5 4. Bc4 Ng4 5. O-O Nxf2 6. Rxf2 Bxf2+ 7. Kxf2 c6
8. d3 Qb6+ 9. Be3 c5 10. Ng5 Qf6+ 11. Nf3 d6 12. Kg1 Bg4 13. h3 Bxf3 14. Qxf3
Qxf3 15. gxf3 Nc6 16. Nd5 O-O 17. a3 f5 18. Nc7+ Kh8 19. Nxa8 Rxa8 0-1

[Event "AUTO-INT-678"]
[Site "http://www.queenalice.com/game.php?id=300674"]
[Date "2007.11.8"]
[Round "1"]
[White "ricardosf"]
[Black "kyloh4320"]
[Result "0-1"]
[WhiteElo "1528"]
[BlackElo "1564"]

1. g3 d5 2. c3 Nc6 3. Bh3 Nf6 4. Bxc8 Rxc8 5. b3 e5 6. f4 exf4 7. gxf4 Bd6 8.
Ba3 Bxa3 9. Nxa3 Qd6 10. Nb5 Qxf4 11. Nd4 Ne4 12. e3 Qf2# 0-1

[Event "AUTO-OPEN-896"]
[Site "http://www.queenalice.com/game.php?id=301025"]
[Date "2007.11.9"]
[Round "1"]
[White "ShadowChees"]
[Black "kyloh4320"]
[Result "1-0"]
[WhiteElo "1632"]
[BlackElo "1633"]

1. e4 e5 2. Nf3 Nc6 3. Bb5 f5 4. Bxc6 bxc6 5. exf5 d5 6. Nxe5 Bxf5 7. O-O Qg5 8.
Re1 Bd6 9. Nf3+ Qe7 10. Rxe7+ Kxe7 11. Nd4 Kf6 12. Qf3 g6 13. d3 Re8 14. Bd2 Bb4
15. g4 Bxd2 16. Nxd2 Kg7 17. gxf5 Nf6 18. Ne6+ Kf7 19. Qg3 Reg8 20. Qxc7+ Ke8
21. Re1 gxf5+ 22. Ng5+ Kf8 23. Qf7# 1-0

[Event "AUTO-OPEN-896"]
[Site "http://www.queenalice.com/game.php?id=301026"]
[Date "2007.11.9"]
[Round "1"]
[White "kyloh4320"]
[Black "ShadowChees"]
[Result "1-0"]
[WhiteElo "1492"]
[BlackElo "1576"]

1. e4 e5 2. Nf3 Nc6 3. Bc4 Nf6 4. Ng5 d5 5. exd5 Nxd5 6. Qf3 Qxg5 7. Bxd5 Ne7 8.
Bxf7+ Kd8 9. Qd3+ Bd7 10. Be6 Kc8 11. Qxd7+ Kb8 12. Qd8+ 1-0

[Event "AUTO-OPEN-896"]
[Site "http://www.queenalice.com/game.php?id=301049"]
[Date "2007.11.9"]
[Round "1"]
[White "kyloh4320"]
[Black "A004"]
[Result "0-1"]
[WhiteElo "1407"]
[BlackElo "1415"]

1. e4 c5 2. Nf3 Nc6 3. d4 e6 4. Bb5 a6 5. Bxc6 dxc6 6. Be3 b6 7. O-O Nf6 8. Bg5
Be7 9. e5 Nd5 10. Bxe7 Qxe7 11. dxc5 Qxc5 12. c3 a5 13. Nbd2 Ba6 0-1

[Event "AUTO-OPEN-896"]
[Site "http://www.queenalice.com/game.php?id=301050"]
[Date "2007.11.9"]
[Round "1"]
[White "A004"]
[Black "kyloh4320"]
[Result "1-0"]
[WhiteElo "1397"]
[BlackElo "1407"]

1. e4 e5 2. Nf3 Nc6 3. Bb5 f5 4. d3 d6 5. Bxc6+ bxc6 6. Nc3 Nf6 7. Bg5 h6 8.
Bxf6 Qxf6 9. O-O f4 10. h3 Qg6 11. Kh1 Be7 12. Rg1 Qh7 13. Ne2 1-0

[Event "AUTO-OPEN-896"]
[Site "http://www.queenalice.com/game.php?id=301051"]
[Date "2007.11.9"]
[Round "1"]
[White "kyloh4320"]
[Black "elidionisio10"]
[Result "0-1"]
[WhiteElo "1488"]
[BlackElo "1838"]

1. e4 e5 2. Nf3 Nc6 3. Bc4 Bc5 4. c3 d6 5. O-O Nf6 6. d3 Ng4 7. h3 Nxf2 8. Rxf2
Bxf2+ 9. Kxf2 Ne7 10. Ng5 Be6 11. Nxe6 fxe6 12. Qg4 O-O+ 13. Kg1 d5 14. Bh6 Rf7
15. exd5 exd5 16. Bb3 Qf8 17. Nd2 Rd8 18. Rf1 Rd6 0-1

[Event "AUTO-OPEN-896"]
[Site "http://www.queenalice.com/game.php?id=301052"]
[Date "2007.11.9"]
[Round "1"]
[White "elidionisio10"]
[Black "kyloh4320"]
[Result "1-0"]
[WhiteElo "1847"]
[BlackElo "1488"]

1. e4 e5 2. Nf3 Nc6 3. Bc4 Nf6 4. d3 Bc5 5. Nc3 d6 6. Ng5 O-O 7. Qf3 Qe7 8. Nd5
Nxd5 9. Bxd5 Be6 10. Qh5 h6 11. Bxe6 fxe6 12. Nf3 1-0

[Event "AUTO-OPEN-897"]
[Site "http://www.queenalice.com/game.php?id=301644"]
[Date "2007.11.10"]
[Round "1"]
[White "kyloh4320"]
[Black "Ninha_alone"]
[Result "0-1"]
[WhiteElo "1532"]
[BlackElo "1357"]

1. e4 Nf6 2. e5 Ng8 3. Qf3 f6 4. Bc4 e6 5. Nh3 fxe5 6. d3 Nf6 7. Bg5 Bb4+ 8. c3
Bc5 9. Nd2 d5 10. Bxf6 gxf6 11. Qh5+ Ke7 12. Bb3 Bd7 13. O-O-O Be8 0-1

[Event "AUTO-OPEN-897"]
[Site "http://www.queenalice.com/game.php?id=301645"]
[Date "2007.11.10"]
[Round "1"]
[White "Ninha_alone"]
[Black "kyloh4320"]
[Result "1-0"]
[WhiteElo "1380"]
[BlackElo "1509"]

1. e4 e5 2. Nf3 Nc6 3. Nc3 Nf6 4. d4 Bb4 5. Nxe5 Nxe4 6. a3 Nxc3 7. bxc3 Bxc3+
8. Ke2 Bxa1 9. Nd3 Bxd4 10. Ke1 O-O 11. Nb4 Bc3+ 12. Bd2 Qe7+ 13. Be2 1-0

[Event "AUTO-OPEN-897"]
[Site "http://www.queenalice.com/game.php?id=301646"]
[Date "2007.11.10"]
[Round "1"]
[White "kyloh4320"]
[Black "josecastroman"]
[Result "0-1"]
[WhiteElo "1488"]
[BlackElo "1857"]

1. e4 e5 2. Nf3 Nc6 3. Bc4 Bc5 4. c3 Nf6 5. d4 exd4 6. e5 Ng8 7. cxd4 Bb4+ 8.
Bd2 Bxd2+ 9. Qxd2 d5 10. Bb5 Bd7 11. Bxc6 Bxc6 12. Qf4 Qe7 13. O-O O-O-O 14. Nc3
Nh6 15. Nb5 Bxb5 16. Rfc1 Rhf8 17. Ng5 Bc6 18. Nxh7 Rg8 19. Ng5 f6 20. exf6 Qxf6
21. Qxf6 gxf6 22. Ne6 Rd6 0-1

[Event "AUTO-OPEN-897"]
[Site "http://www.queenalice.com/game.php?id=301647"]
[Date "2007.11.10"]
[Round "1"]
[White "josecastroman"]
[Black "kyloh4320"]
[Result "1-0"]
[WhiteElo "1859"]
[BlackElo "1486"]

1. e4 e5 2. Nf3 Nc6 3. Bc4 Nf6 4. d3 Bc5 5. Nc3 Ng4 6. O-O O-O 7. h3 Nf6 8. Bg5
d6 9. Nd5 Kh8 10. c3 h6 11. Nxf6 gxf6 12. Bxh6 Rg8 13. Bxf7 Bxh3 14. Bxg8 Qxg8
15. g3 Bxf1 16. Qxf1 Qh7 17. Qh3 Rg8 18. Kg2 Rg6 19. Rh1 Kg8 20. Bd2 Qxh3+ 21.
Rxh3 Kg7 22. Rh5 Ne7 23. b4 1-0

[Event "AUTO-OPEN-897"]
[Site "http://www.queenalice.com/game.php?id=301648"]
[Date "2007.11.10"]
[Round "1"]
[White "kyloh4320"]
[Black "SGF"]
[Result "0-1"]
[WhiteElo "1418"]
[BlackElo "1554"]

1. e4 e5 2. Nf3 Qf6 3. Bc4 Bc5 4. Nc3 c6 5. d3 d6 6. Bg5 Qg6 7. Qd2 f6 8. Be3
Qxg2 9. Rg1 Qh3 10. Rg3 Qh5 11. Qe2 Bg4 12. O-O-O Bxf3 13. Qxf3 Qxf3 14. Rxf3 g5
15. Bxc5 dxc5 0-1

[Event "AUTO-OPEN-897"]
[Site "http://www.queenalice.com/game.php?id=301649"]
[Date "2007.11.10"]
[Round "1"]
[White "SGF"]
[Black "kyloh4320"]
[Result "1-0"]
[WhiteElo "1543"]
[BlackElo "1429"]

1. e4 e5 2. Qh5 Qf6 3. Nf3 Bc5 4. Qxe5+ Qxe5 5. Nxe5 Nf6 6. Bc4 O-O 7. Bxf7+
Rxf7 8. Nxf7 Kxf7 9. Nc3 d6 10. f3 Nc6 11. d3 Nd4 12. Kd2 Bb4 13. a3 Ba5 14. b4
Bb6 15. Nd5 1-0

[Event "Let's Play Chess!"]
[Site "http://www.queenalice.com/game.php?id=303360"]
[Date "2007.11.13"]
[Round "-"]
[White "kyloh4320"]
[Black "spawnwolfwolverine"]
[Result "0-1"]
[WhiteElo "1586"]
[BlackElo "1672"]

1. e4 e5 2. Nf3 d6 3. d4 exd4 4. Nxd4 Bd7 5. Bc4 Be7 6. Qh5 g6 7. Qf3 Nh6 8.
Bxh6 f6 9. Bg7 Rf8 10. Bxf8 Kxf8 11. Nc3 Nc6 12. Nce2 Nxd4 13. Nxd4 a6 14. Be6
c5 15. Bxd7 Qxd7 16. Nb3 b5 0-1

[Event "AUTO-OPEN-904"]
[Site "http://www.queenalice.com/game.php?id=305109"]
[Date "2007.11.16"]
[Round "1"]
[White "kyloh4320"]
[Black "PaulB42"]
[Result "0-1"]
[WhiteElo "1437"]
[BlackElo "1641"]

1. e4 Nf6 2. e5 Nd5 3. Qf3 Nb4 4. Na3 N8c6 5. Bc4 Nxe5 6. Qc3 Nbc6 7. Nf3 d6 8.
d4 Nxf3+ 9. Qxf3 Be6 10. Bb5 Qd7 11. Bxc6 bxc6 0-1

[Event "AUTO-OPEN-904"]
[Site "http://www.queenalice.com/game.php?id=305110"]
[Date "2007.11.16"]
[Round "1"]
[White "PaulB42"]
[Black "kyloh4320"]
[Result "1-0"]
[WhiteElo "1632"]
[BlackElo "1446"]

1. e4 e5 2. Nf3 Nc6 3. Bc4 Nf6 4. Ng5 d5 5. exd5 Na5 6. Bb5+ c6 7. dxc6 bxc6 8.
Qf3 Bb7 9. Ba4 Be7 10. Bb3 Nxb3 11. Qxb3 Nd5 12. Qxb7 Bxg5 13. Qxc6+ Kf8 14.
Qc5+ Be7 15. Qc4 1-0

[Event "AUTO-OPEN-904"]
[Site "http://www.queenalice.com/game.php?id=305111"]
[Date "2007.11.16"]
[Round "1"]
[White "kyloh4320"]
[Black "ThetrueElrohir"]
[Result "0-1"]
[WhiteElo "1464"]
[BlackElo "1406"]

1. e4 e5 2. Nf3 Nf6 3. Nc3 Nc6 4. Bb5 d5 5. exd5 Nxd5 6. Bxc6+ bxc6 7. O-O Bf5
8. Nxe5 Qd6 9. Nc4 Qc5 10. Ne3 g6 11. Nexd5 cxd5 12. Qf3 Bd6 13. d3 c6 14. Bd2
O-O 15. Rae1 d4 16. Ne4 Bxe4 0-1

[Event "AUTO-OPEN-904"]
[Site "http://www.queenalice.com/game.php?id=305112"]
[Date "2007.11.16"]
[Round "1"]
[White "ThetrueElrohir"]
[Black "kyloh4320"]
[Result "0-1"]
[WhiteElo "1302"]
[BlackElo "1630"]

1. e4 e5 2. Nf3 Nc6 3. d4 exd4 4. Nxd4 Qf6 5. Be3 Nh6 6. Nb5 Bd6 7. Nd2 O-O 8.
Bxh6 Qxh6 9. Bc4 a6 10. Nc3 Kh8 11. O-O Qxh2# 0-1